<?xml version="1.0" encoding="UTF-8"?>
<record
    xmlns:xsi="http://www.w3.org/2001/XMLSchema-instance"
    xsi:schemaLocation="http://www.loc.gov/MARC21/slim http://www.loc.gov/standards/marcxml/schema/MARC21slim.xsd"
    xmlns="http://www.loc.gov/MARC21/slim">

  <leader>00633nam a22001337a 4500</leader>
  <datafield tag="040" ind1=" " ind2=" ">
    <subfield code="c">RUA</subfield>
  </datafield>
  <datafield tag="082" ind1=" " ind2=" ">
    <subfield code="a">FOR MEL 2013 B143 Or.1</subfield>
  </datafield>
  <datafield tag="100" ind1=" " ind2=" ">
    <subfield code="a">MEL, SOPHEA.</subfield>
  </datafield>
  <datafield tag="245" ind1=" " ind2=" ">
    <subfield code="a">study on bengal florican monitoring at pralay commune, stoung district, kampong thom province(&#x179F;&#x17B7;&#x1780;&#x17D2;&#x179F;&#x17B6;&#x1796;&#x17B8;&#x1780;&#x17B6;&#x179A;&#x178F;&#x17B6;&#x1798;&#x178A;&#x17B6;&#x1793;&#x179F;&#x178F;&#x17D2;&#x179C;&#x1781;&#x17D2;&#x179F;&#x17B9;&#x1794; &#x1793;&#x17C5;&#x1783;&#x17BB;&#x17C6;&#x1794;&#x17D2;&#x179A;&#x17A1;&#x17B6;&#x1799;&#x179F;&#x17D2;&#x179A;&#x17BB;&#x17BB;&#x1780;&#x179F;&#x17D2;&#x1791;&#x17C4;&#x1784;&#x200B; &#x1781;&#x17C1;&#x178F;&#x17D2;&#x178F;&#x1780;&#x17C6;&#x1796;&#x1784;&#x17CB;&#x1792;&#x17C6;)</subfield>
  </datafield>
  <datafield tag="260" ind1=" " ind2=" ">
    <subfield code="a">Phnom Penh</subfield>
    <subfield code="b">RUA</subfield>
    <subfield code="c">2003</subfield>
  </datafield>
  <datafield tag="300" ind1=" " ind2=" ">
    <subfield code="a">xi, 42p.</subfield>
    <subfield code="b">ill.</subfield>
    <subfield code="c">29cm.</subfield>
  </datafield>
  <datafield tag="856" ind1=" " ind2=" ">
    <subfield code="u">https://drive.google.com/file/d/1coT-o-J4UzbzIHdarOFCnrDR43rAs9yc/view?usp=sharing</subfield>
  </datafield>
  <datafield tag="942" ind1=" " ind2=" ">
    <subfield code="c">FOR</subfield>
  </datafield>
  <datafield tag="999" ind1=" " ind2=" ">
    <subfield code="c">3503</subfield>
    <subfield code="d">3503</subfield>
  </datafield>
  <datafield tag="952" ind1=" " ind2=" ">
    <subfield code="0">0</subfield>
    <subfield code="1">0</subfield>
    <subfield code="2">ddc</subfield>
    <subfield code="4">0</subfield>
    <subfield code="6">FOR_MEL_2013_000000000000000_B143_OR_1</subfield>
    <subfield code="7">0</subfield>
    <subfield code="9">16832</subfield>
    <subfield code="a">LBB</subfield>
    <subfield code="b">LBB</subfield>
    <subfield code="c">B143</subfield>
    <subfield code="d">2015-11-17</subfield>
    <subfield code="o">FOR MEL 2013 B143 Or.1</subfield>
    <subfield code="p">RUA027455</subfield>
    <subfield code="r">2015-11-17</subfield>
    <subfield code="w">2015-11-17</subfield>
    <subfield code="y">FOR</subfield>
  </datafield>
  <datafield tag="952" ind1=" " ind2=" ">
    <subfield code="0">0</subfield>
    <subfield code="1">0</subfield>
    <subfield code="2">ddc</subfield>
    <subfield code="4">0</subfield>
    <subfield code="6">FOR_MEL_2013_000000000000000_B143_OR_2</subfield>
    <subfield code="7">0</subfield>
    <subfield code="9">16833</subfield>
    <subfield code="a">LBB</subfield>
    <subfield code="b">LBB</subfield>
    <subfield code="c">B143</subfield>
    <subfield code="d">2015-11-17</subfield>
    <subfield code="o">FOR MEL 2013 B143 Or.2</subfield>
    <subfield code="p">RUA027395</subfield>
    <subfield code="r">2015-11-17</subfield>
    <subfield code="w">2015-11-17</subfield>
    <subfield code="y">FOR</subfield>
  </datafield>
  <datafield tag="952" ind1=" " ind2=" ">
    <subfield code="0">0</subfield>
    <subfield code="1">0</subfield>
    <subfield code="2">ddc</subfield>
    <subfield code="4">0</subfield>
    <subfield code="6">FOR_MEL_2013_000000000000000_B143_OR_3</subfield>
    <subfield code="7">0</subfield>
    <subfield code="9">16834</subfield>
    <subfield code="a">LBB</subfield>
    <subfield code="b">LBB</subfield>
    <subfield code="c">B143</subfield>
    <subfield code="d">2015-11-17</subfield>
    <subfield code="l">1</subfield>
    <subfield code="o">FOR MEL 2013 B143 Or.3</subfield>
    <subfield code="p">RUA027323</subfield>
    <subfield code="r">2024-07-22</subfield>
    <subfield code="s">2024-07-12</subfield>
    <subfield code="w">2015-11-17</subfield>
    <subfield code="y">FOR</subfield>
  </datafield>
  <datafield tag="952" ind1=" " ind2=" ">
    <subfield code="0">0</subfield>
    <subfield code="1">0</subfield>
    <subfield code="2">ddc</subfield>
    <subfield code="4">0</subfield>
    <subfield code="6">FOR_MEL_2013_000000000000000_B143_OR_4</subfield>
    <subfield code="7">0</subfield>
    <subfield code="9">16835</subfield>
    <subfield code="a">LBB</subfield>
    <subfield code="b">LBB</subfield>
    <subfield code="c">B143</subfield>
    <subfield code="d">2015-11-17</subfield>
    <subfield code="l">1</subfield>
    <subfield code="o">FOR MEL 2013 B143 Or.4</subfield>
    <subfield code="p">RUA027295</subfield>
    <subfield code="r">2026-01-21</subfield>
    <subfield code="s">2025-12-17</subfield>
    <subfield code="w">2015-11-17</subfield>
    <subfield code="y">FOR</subfield>
  </datafield>
  <datafield tag="952" ind1=" " ind2=" ">
    <subfield code="0">0</subfield>
    <subfield code="1">0</subfield>
    <subfield code="2">ddc</subfield>
    <subfield code="4">0</subfield>
    <subfield code="6">FOR_MEL_2013_000000000000000_B143_OR_5</subfield>
    <subfield code="7">0</subfield>
    <subfield code="9">16836</subfield>
    <subfield code="a">LBB</subfield>
    <subfield code="b">LBB</subfield>
    <subfield code="c">B143</subfield>
    <subfield code="d">2015-11-17</subfield>
    <subfield code="o">FOR MEL 2013 B143 Or.5</subfield>
    <subfield code="p">RUA027223</subfield>
    <subfield code="r">2015-11-17</subfield>
    <subfield code="w">2015-11-17</subfield>
    <subfield code="y">FOR</subfield>
  </datafield>
  <datafield tag="952" ind1=" " ind2=" ">
    <subfield code="0">0</subfield>
    <subfield code="1">0</subfield>
    <subfield code="2">ddc</subfield>
    <subfield code="4">0</subfield>
    <subfield code="6">FOR_MEL_2013_000000000000000_B143_OR_6</subfield>
    <subfield code="7">0</subfield>
    <subfield code="9">16837</subfield>
    <subfield code="a">LBB</subfield>
    <subfield code="b">LBB</subfield>
    <subfield code="c">B143</subfield>
    <subfield code="d">2015-11-17</subfield>
    <subfield code="l">1</subfield>
    <subfield code="o">FOR MEL 2013 B143 Or.6</subfield>
    <subfield code="p">RUA027258</subfield>
    <subfield code="r">2023-06-14</subfield>
    <subfield code="s">2023-05-05</subfield>
    <subfield code="w">2015-11-17</subfield>
    <subfield code="y">FOR</subfield>
  </datafield>
  <datafield tag="952" ind1=" " ind2=" ">
    <subfield code="0">0</subfield>
    <subfield code="1">0</subfield>
    <subfield code="2">ddc</subfield>
    <subfield code="4">0</subfield>
    <subfield code="6">FOR_MEL_2013_000000000000000_B143_OR_7</subfield>
    <subfield code="7">0</subfield>
    <subfield code="9">16838</subfield>
    <subfield code="a">LBB</subfield>
    <subfield code="b">LBB</subfield>
    <subfield code="c">B143</subfield>
    <subfield code="d">2015-11-17</subfield>
    <subfield code="o">FOR MEL 2013 B143 Or.7</subfield>
    <subfield code="p">RUA027188</subfield>
    <subfield code="r">2015-11-17</subfield>
    <subfield code="w">2015-11-17</subfield>
    <subfield code="y">FOR</subfield>
  </datafield>
  <datafield tag="952" ind1=" " ind2=" ">
    <subfield code="0">0</subfield>
    <subfield code="1">0</subfield>
    <subfield code="2">ddc</subfield>
    <subfield code="4">0</subfield>
    <subfield code="6">FOR_MEL_2013_000000000000000_B143_OR_8</subfield>
    <subfield code="7">0</subfield>
    <subfield code="9">16843</subfield>
    <subfield code="a">LBB</subfield>
    <subfield code="b">LBB</subfield>
    <subfield code="c">B142</subfield>
    <subfield code="d">2015-11-17</subfield>
    <subfield code="o">FOR MEL 2013 B143 Or.8</subfield>
    <subfield code="p">RUA027025</subfield>
    <subfield code="r">2015-11-17</subfield>
    <subfield code="w">2015-11-17</subfield>
    <subfield code="y">FOR</subfield>
  </datafield>
</record>
